[Event "Kiel op-B 28th"]
[Site "Kiel"]
[Date "2015.07.30"]
[Round "8"]
[White "Paolella, Finnley"]
[Black "Schmieder, Kerstin"]
[Result "1/2-1/2"]
[WhiteElo "1286"]
[BlackElo "1700"]
[PlyCount "107"]
[EventDate "2015.07.25"]
[EventType "swiss"]
[EventRounds "9"]
[EventCountry "GER"]
[SourceTitle "EXT 2017"]
[Source "ChessBase"]
[SourceDate "2016.10.25"]
[SourceVersion "1"]
[SourceVersionDate "2016.10.25"]
[SourceQuality "1"]

1. e4 g6 2. d4 Bg7 3. Nf3 d6 4. Bc4 Nf6 5. Nc3 0-0 6. 0-0 Nc6 7. a3 e5 8. dxe5 Nxe5 9. Nxe5 dxe5 10. Be3 Bd7 11. f3 c6 12. Qd2 Qc7 13. Qf2 b6 14. Rad1 Rad8 15. h3 Rfe8 16. Rfe1 Be6 17. Bxe6 Rxe6 18. Rxd8+ Qxd8 19. Rd1 Rd6 20. Rxd6 Qxd6 21. Qd2 Qc7 22. Kf2 Ne8 23. b3 Bf8 24. b4 Nd6 25. Qd3 Qe7 26. Ne2 Qh4+ 27. Kf1 Qf6 28. a4 Qe7 29. Qb3 Nc8 30. b5 Qd7 31. Qd3 Qxd3 32. cxd3 cxb5 33. axb5 Bb4 34. f4 f6 35. fxe5 fxe5 36. d4 Nd6 37. dxe5 Nxb5 38. Nf4 Bc3 39. e6 Nd6 40. Nd5 Be5 41. Ne7+ Kf8 42. Nc6 Nc4 43. Bh6+ Ke8 44. Nxa7 Ke7 45. Nb5 Kxe6 46. Ke2 Nd6 47. Nc7+ Kd7 48. Nd5 b5 49. Kd3 Kc6 50. Ne7+ Kb6 51. Nd5+ Ka5 52. Bd2+ Ka6 53. Nb4+ Kb7 54. Nd5 1/2-1/2

[Event "Kiel op-B 28th"]
[Site "Kiel"]
[Date "2015.07.26"]
[Round "4"]
[White "Paolella, Finnley"]
[Black "Lehmkau, Steffen"]
[Result "1/2-1/2"]
[WhiteElo "1286"]
[BlackElo "1715"]
[PlyCount "39"]
[EventDate "2015.07.25"]
[EventType "swiss"]
[EventRounds "9"]
[EventCountry "GER"]
[SourceTitle "EXT 2017"]
[Source "ChessBase"]
[SourceDate "2016.10.25"]
[SourceVersion "1"]
[SourceVersionDate "2016.10.25"]
[SourceQuality "1"]

1. e4 e5 2. Nf3 Nc6 3. Bc4 Bc5 4. c3 Nf6 5. d3 0-0 6. 0-0 d6 7. Bb3 h6 8. h3 Be6 9. Bc2 Bd7 10. Re1 Re8 11. Nbd2 a6 12. Nf1 Ne7 13. d4 exd4 14. cxd4 Bb4 15. Bd2 Bxd2 16. Qxd2 Bc6 17. Ng3 Ng6 18. Re3 b5 19. Rae1 Qd7 20. b4 1/2-1/2